| 000 | 00345nam a22001457a 4500 | ||
|---|---|---|---|
| 008 | 211013b ||||| |||| 00| 0 eng d | ||
| 020 | _a9781464125676 | ||
| 041 | _aeng | ||
| 080 |
_22nd _a821 |
||
| 082 | _a821 | ||
| 100 | _a21 | ||
| 101 | _aGJL | ||
| 245 |
_aQuantitative Literacy Thinking Between the Lines _cCrauder,B.C |
||
| 942 |
_2udc _cBK |
||
| 999 |
_c58215 _d58215 |
||